<?xml version="1.0" encoding="UTF-8"?>
<record
    xmlns:xsi="http://www.w3.org/2001/XMLSchema-instance"
    xsi:schemaLocation="http://www.loc.gov/MARC21/slim http://www.loc.gov/standards/marcxml/schema/MARC21slim.xsd"
    xmlns="http://www.loc.gov/MARC21/slim">

  <leader>01402nam a2200277 a 4500</leader>
  <controlfield tag="001">68973</controlfield>
  <controlfield tag="003">BD-RjUL</controlfield>
  <controlfield tag="005">20211209081832.0</controlfield>
  <controlfield tag="008">170409s2007    bg  |||| |||| 001 0dben d</controlfield>
  <datafield tag="020" ind1=" " ind2=" ">
    <subfield code="a">9789644392429 :</subfield>
    <subfield code="c">: TK.75.00</subfield>
  </datafield>
  <datafield tag="035" ind1=" " ind2=" ">
    <subfield code="a">(BD-RjUL)69184</subfield>
  </datafield>
  <datafield tag="040" ind1=" " ind2=" ">
    <subfield code="a">BD-RjUL</subfield>
    <subfield code="b">ben</subfield>
    <subfield code="c">BD-RjUL</subfield>
    <subfield code="d">BD-RjUL</subfield>
  </datafield>
  <datafield tag="041" ind1=" " ind2=" ">
    <subfield code="a">ben</subfield>
  </datafield>
  <datafield tag="082" ind1=" " ind2=" ">
    <subfield code="2">23</subfield>
    <subfield code="a">297.61</subfield>
    <subfield code="b">AZA 2007</subfield>
  </datafield>
  <datafield tag="100" ind1=" " ind2=" ">
    <subfield code="a">&#x986;&#x9AF;&#x9BE;&#x9B0;&#x9AE;&#x9C0;, &#x9B8;&#x9BE;&#x9CD;&#x988;&#x9A6; </subfield>
    <subfield code="9">204349</subfield>
  </datafield>
  <datafield tag="245" ind1=" " ind2=" ">
    <subfield code="a">&#x98F;&#x995;&#x99C;&#x9A8; &#x9B8;&#x9A4;&#x9CD;&#x9AF;&#x9A8;&#x9BF;&#x9B7;&#x9CD;&#x9A0; &#x9AE;&#x9BE;&#x9A8;&#x9C1;&#x9B7;&#x9C7;&#x9B0; &#x995;&#x9A5;&#x9BE; :</subfield>
    <subfield code="b">&#x987;&#x9AE;&#x9BE;&#x9AE; &#x9B8;&#x9BE;&#x987;&#x9AF;&#x9BC;&#x9CD;&#x9AF;&#x9C7;&#x9A6; &#x9B0;&#x9C1;&#x9B9;&#x9C1;&#x9B2;&#x9CD;&#x9B2;&#x9BE;&#x9B9; &#x9AE;&#x9C1;&#x9B8;&#x9BE;&#x9AD;&#x9C0; &#x996;&#x9CB;&#x9AE;&#x9C7;&#x987;&#x9A8;&#x9C0; /</subfield>
    <subfield code="c">&#x9B8;&#x9BE;&#x9CD;&#x988;&#x9A6; &#x986;&#x9AF;&#x9BE;&#x9B0;&#x9AE;&#x9C0;; &#x985;&#x9A8;&#x9C1;&#x9AC;&#x9BE;&#x9A6;: &#x9AE;&#x9C1;&#x9A6;&#x9BE;&#x9AE;&#x9CD;&#x9AE;&#x9A6; &#x988;&#x9B8;&#x9BE; &#x9B6;&#x9BE;&#x9B9;&#x9C7;&#x9A6;&#x9C0;</subfield>
  </datafield>
  <datafield tag="260" ind1=" " ind2=" ">
    <subfield code="a">&#x9A2;&#x9BE;&#x995;&#x9BE; :</subfield>
    <subfield code="b">&#x986;&#x9B2; &#x9B9;&#x9C1;&#x9A6;&#x9BE; &#x986;&#x9A8;&#x9CD;&#x9A4;&#x9B0;&#x9CD;&#x99C;&#x9BE;&#x9A4;&#x9BF;&#x995; &#x9AA;&#x9CD;&#x9B0;&#x995;&#x9BE;&#x9B6;&#x9A8;&#x9BE; &#x9B8;&#x982;&#x9B8;&#x9CD;&#x9A5;&#x9BE;,</subfield>
    <subfield code="c">&#x9E8;&#x9E6;&#x9E6;&#x9ED;.</subfield>
  </datafield>
  <datafield tag="300" ind1=" " ind2=" ">
    <subfield code="a">&#x9EF;&#x9EC; &#x9AA;&#x9C3;. ;</subfield>
    <subfield code="c">22 &#x9B8;&#x9C7;.&#x9AE;&#x9BF;.</subfield>
  </datafield>
  <datafield tag="600" ind1=" " ind2=" ">
    <subfield code="a">&#x996;&#x9CB;&#x9AE;&#x9C7;&#x987;&#x9A8;&#x9C0;, &#x987;&#x9AE;&#x9BE;&#x9AE; &#x9B8;&#x9BE;&#x987;&#x9AF;&#x9BC;&#x9CD;&#x9AF;&#x9C7;&#x9A6; &#x9B0;&#x9C1;&#x9B9;&#x9C1;&#x9B2;&#x9CD;&#x9B2;&#x9BE;&#x9B9; &#x9AE;&#x9C1;&#x9B8;&#x9BE;&#x9AD;&#x9C0; </subfield>
    <subfield code="9">220842</subfield>
  </datafield>
  <datafield tag="600" ind1=" " ind2=" ">
    <subfield code="a">Khomeini, Imam Sayed Ruhullah Musavi</subfield>
    <subfield code="9">220843</subfield>
  </datafield>
  <datafield tag="650" ind1=" " ind2=" ">
    <subfield code="a">&#x99C;&#x9C0;&#x9AC;&#x9A8;&#x9C0;</subfield>
    <subfield code="9">204350</subfield>
  </datafield>
  <datafield tag="650" ind1=" " ind2=" ">
    <subfield code="a">Biography</subfield>
    <subfield code="9">127903</subfield>
  </datafield>
  <datafield tag="700" ind1=" " ind2=" ">
    <subfield code="a">&#x9B6;&#x9BE;&#x9B9;&#x9C7;&#x9A6;&#x9C0;, &#x9AE;&#x9C1;&#x9A6;&#x9BE;&#x9AE;&#x9CD;&#x9AE;&#x9A6; &#x988;&#x9B8;&#x9BE; </subfield>
    <subfield code="9">204351</subfield>
  </datafield>
  <datafield tag="700" ind1=" " ind2=" ">
    <subfield code="a">&#x9B8;&#x9AE;&#x9CD;&#x9AA;&#x9BE;&#x9A6;&#x995; ; &#x995;&#x9C1;&#x9A6;&#x9CD;&#x9A6;&#x9C1;&#x9B8; &#x9AE;&#x9CB;&#x983; &#x986;&#x9AC;&#x9CD;&#x9A6;&#x9C1;&#x9B2;</subfield>
    <subfield code="9">220841</subfield>
  </datafield>
  <datafield tag="942" ind1=" " ind2=" ">
    <subfield code="2">ddc</subfield>
    <subfield code="c">BK</subfield>
  </datafield>
  <datafield tag="999" ind1=" " ind2=" ">
    <subfield code="c">68973</subfield>
    <subfield code="d">68973</subfield>
  </datafield>
  <datafield tag="952" ind1=" " ind2=" ">
    <subfield code="0">0</subfield>
    <subfield code="1">0</subfield>
    <subfield code="2">ddc</subfield>
    <subfield code="4">0</subfield>
    <subfield code="7">1</subfield>
    <subfield code="8">NFIC</subfield>
    <subfield code="a">RUCL</subfield>
    <subfield code="b">RUCL</subfield>
    <subfield code="c">Reading</subfield>
    <subfield code="d">2021-12-09</subfield>
    <subfield code="e">Irandutabas, Dhaka</subfield>
    <subfield code="l">0</subfield>
    <subfield code="o">B 297.61 AZA 2007</subfield>
    <subfield code="r">2017-04-09 00:00:00</subfield>
    <subfield code="t">C-1</subfield>
    <subfield code="w">2021-12-09</subfield>
    <subfield code="y">BK</subfield>
  </datafield>
  <datafield tag="952" ind1=" " ind2=" ">
    <subfield code="0">0</subfield>
    <subfield code="1">0</subfield>
    <subfield code="2">ddc</subfield>
    <subfield code="4">0</subfield>
    <subfield code="7">0</subfield>
    <subfield code="8">NFIC</subfield>
    <subfield code="a">RUCL</subfield>
    <subfield code="b">RUCL</subfield>
    <subfield code="c">Stack</subfield>
    <subfield code="d">2017-05-14</subfield>
    <subfield code="e">Irandutabas, Dhaka</subfield>
    <subfield code="g">75.00</subfield>
    <subfield code="l">0</subfield>
    <subfield code="o">B 297.61 AZA 2007</subfield>
    <subfield code="r">2018-04-01 00:00:00</subfield>
    <subfield code="t">C-2</subfield>
    <subfield code="w">2021-12-09</subfield>
    <subfield code="y">BK</subfield>
  </datafield>
</record>
